BSOP header

The long road to freedom : (Record no. 54756)

MARC details
000 -LEADER
fixed length control field 00988cam a2200337Ki 4500
001 - CONTROL NUMBER
control field 50958640
005 - DATE AND TIME OF LATEST TRANSACTION
control field 20251107091137.0
008 - FIXED-LENGTH DATA ELEMENTS--GENERAL INFORMATION
fixed length control field 070316t20022002tnu 000 0 eng d
015 ## - NATIONAL BIBLIOGRAPHY NUMBER
National bibliography number GBA450033
Source bnb
016 7# - NATIONAL BIBLIOGRAPHIC AGENCY CONTROL NUMBER
Record control number 012949659
Source Uk
020 ## - INTERNATIONAL STANDARD BOOK NUMBER
International Standard Book Number 1852403144
035 ## - SYSTEM CONTROL NUMBER
System control number (OCoLC)ocm50958640
035 ## - SYSTEM CONTROL NUMBER
System control number (OCoLC)50958640
Canceled/invalid control number (OCoLC)56657216
035 ## - SYSTEM CONTROL NUMBER
System control number 654240
040 ## - CATALOGING SOURCE
Original cataloging agency SPB
Language of cataloging eng
Description conventions rda
Transcribing agency SPB
Modifying agency OCLCQ
-- UKM
-- PTS
043 ## - GEOGRAPHIC AREA CODE
Geographic area code a-ja---
049 ## - LOCAL HOLDINGS (OCLC)
Holding library PTSS
100 1# - MAIN ENTRY--PERSONAL NAME
Personal name Wang, Stephen
245 14 - TITLE STATEMENT
Title The long road to freedom :
Remainder of title the story of Wang Mingdao /
Statement of responsibility, etc Stephen Wang.
246 30 - VARYING FORM OF TITLE
Title proper/short title Story of Wang Mingdao.
264 #1 - PRODUCTION, PUBLICATION, DISTRIBUTION, MANUFACTURE STATEMENTS
Place of production, publication, distribution, manufacture Kent, TN :
Name of producer, publisher, distributor, manufacturer <a href="Sovereign World,">Sovereign World,</a>
Date of production, publication, distribution, manufacture c2002.
300 ## - PHYSICAL DESCRIPTION
Extent 253 pages ;
Dimensions 20 cm.
336 ## - CONTENT TYPE
Content Type Term text
Content Type Code txt
Source rdacontent.
337 ## - MEDIA TYPE
Media Type Term unmediated
Media Type Code n
Source rdamedia.
338 ## - CARRIER TYPE
Carrier Type Term volume
Carrier Type Code nc
Source rdacarrier.
600 10 - SUBJECT ADDED ENTRY--PERSONAL NAME
Personal name Mingdao, Wang.
650 #0 - SUBJECT ADDED ENTRY--TOPICAL TERM
Topical term or geographic name as entry element Missionaries
Geographic subdivision Japan.
650 #0 - SUBJECT ADDED ENTRY--TOPICAL TERM
Topical term or geographic name as entry element Missions
Geographic subdivision Japan
Form subdivision Biography.
655 #7 - INDEX TERM--GENRE/FORM
Genre/form data or focus term Biographies.
Source of term lcgft.
942 ## - ADDED ENTRY ELEMENTS (KOHA)
Source of classification or shelving scheme Library of Congress Classification
Item type Books
Holdings
Withdrawn status Lost status Source of classification or shelving scheme Damaged status Not for loan Home library Current library Shelving location Date acquired Inventory number Total Checkouts Full call number Barcode Date last seen Price effective from Koha item type Copy number
    Library of Congress Classification     BSOP Library BSOP Library GC 11/07/2025 48636   BV3457.M4 W18 2002 00062623 11/07/2025 11/07/2025 Books  
    Library of Congress Classification     BSOP Library BSOP Library GC 03/17/2026 50487   BV3457.M4 W18 2002 00062994 03/17/2026 03/17/2026 Books c.2
BSOP

Biblical Seminary of the Philippines
  All rights Reserved
  © 2024

CONTACT INFORMATION

Biblical Seminary of the Philippines,
  77-B Karuhatan Road, Valenzuela City,
  PHILIPPINES 1441
  Phone: +632 8292-6795 / 8292-6798
  Fax : +632 8292-6675
  Email: library@bsop.edu.ph